Cultivo de peces comerciales : (Registro nro. 13332)

Detalles MARC
000 -CABECERA
Longitud fija campo de control 00763nam a2200181 a 4500
003 - • IDENTIFICADOR DELl NÚMERO DE CONTROL
Identificador del número de control CO-ViMGA
008 - • CÓDIGOS DE INFORMACIÓN DE LONGITUD FIJA
Códigos de información de longitud fija 141112s2004 ck r 000 u spa d
040 ## - FUENTE DE LA CATALOGACIÓN
Centro catalogador de origen CO-ViMGA
Lengua de catalogación spa
Centro transcriptor CO-ViMGA
082 04 - • NÚMERO DE LA CLASIFICACIÓN DECIMAL DEWEY
Número de clasificación (R) 639.3 H364
100 1# - • PUNTO DE ACCESO PRINCIPAL-NOMBRE DE PERSONA
Nombre de persona Hepher, Balfour
245 10 - • TITULO PROPIAMENTE DICHO
Título Cultivo de peces comerciales :
Resto del título basado en las experiencias de las granjas piscícolas en Israel /
Mención de responsabilidad, etc. Hepher Balfour , Pruginin Yoel
300 ## - • DESCRIPCIÓN FÍSICA
Extensión 316 p
505 ## - • NOTA DE CONTENIDO CON FORMATO
Nota de contenido con formato Selección del lugar y condiciones previas necesarias 25 - - Planeación de la granja de peces 37 - - Principales especies cultivadas en estanque 41 - - Metodos de cultivo y planeación 115 - - Riesgos y enfermedades 257
650 14 - • PUNTO DE ACCESO ADICIONAL DE MATERIA - TÉRMINO DE MATERIA
Término de materia o nombre geográfico como elemento inicial PISCICULTURA
942 ## - ENTRADA DE ELEMENTOS AGREGADOS (KOHA)
Fuente de clasificaión o esquema Dewey Decimal Classification
Koha [por defecto] tipo de item LIbro
Existencias
Perdido Fuente de clasificación o esquema Estado Físico No para préstamo Forma de adquisición Localización permanente Localización actual Fecha adquisición Serie de enumeración / cronolog&íacute;a Préstamos totales Renovaciones totales Signatura completa Código de barras Fecha última consulta Fecha último préstamo Número de copia Fecha del precio de reemplazo Tipo de item de Koha
  Dewey Decimal Classification     Sala Especializada Tercer Piso Biblioteca Pública Germán Arciniegas - Villavicencio Biblioteca Pública Germán Arciniegas - Villavicencio 12/04/2015 Volumen. 1 | 11/jun/2009 2 2 639.3 H364 01013 06/22/2018 06/22/2018 Ej. 1 12/04/2015 LIbro









Instituto Departamental de Cultura del Meta - Red Departamental de Bibliotecas Públicas del Meta.